000
00300nam a22001217a 4500
082
_a
658.3 PIG'P
100
_a
PIGORS, CHARLES A
_9
58497
245
_a
PERSONNAL ADMINISTRATION A POINT OF VIEW AND A METHODS
250
_a
3RD
260
_a
NEWYORK
_b
MCGRAW HILL
_c
1956
300
_a
711P
942
_c
BK
999
_c
568689
_d
568689